Поисковые критерии и основы прогноза гидрогенных урановых месторождений

Opis bibliograficzny
1. autor: Губкин Н. В. Николай Васильевич
Kolejni autorzy: Смирнов А. А. Александр Александрович
Język:rosyjski
Wydane: Москва, Атомиздат, 1981
Hasła przedmiotowe:
Format: MixedMaterials Książka
KOHA link:https://koha.lib.tpu.ru/cgi-bin/koha/opac-detail.pl?biblionumber=161115

MARC

LEADER 00000nam0a2200000 4500
001 161115
005 20231031155815.0
020 |a RU  |b 81-4538 
035 |a (RuTPU)RU\TPU\book\174713 
090 |a 161115 
100 |a 20090603d1981 k a0rusy5003 ca 
101 0 |a rus 
102 |a RU 
105 |a a z 001zy 
200 1 |a Поисковые критерии и основы прогноза гидрогенных урановых месторождений  |f Н. В. Губкин, А. А. Смирнов 
210 |a Москва  |c Атомиздат  |d 1981 
215 |a 54 с.  |c ил.  |d 21 см. 
320 |a Библиогр.: с. 53. 
610 1 |a урановые руды 
610 1 |a месторождения 
610 1 |a прогнозы 
675 |a 553.495  |z rus 
700 1 |a Губкин  |b Н. В.  |g Николай Васильевич  |4 070 
701 1 |a Смирнов  |b А. А.  |g Александр Александрович  |4 070 
801 0 |a RU  |b RuMRKP  |c 19950704  |g psbo 
801 1 |a RU  |b 63413507  |c 20090603  |g PSBO 
801 2 |a RU  |b 63413507  |c 20150205  |g PSBO 
942 |c BK